[Event "Barcelona La Lira op 12th"]
[Site "Barcelona"]
[Date "2019.05.30"]
[Round "8"]
[White "Salvany Rius, Joaquim"]
[Black "Gonzalez Muelas, Marco Antonio"]
[Result "1/2-1/2"]
[WhiteElo "1876"]
[BlackElo "1610"]
[PlyCount "69"]
[EventDate "2019.04.04"]
[EventType "swiss"]
[EventRounds "9"]
[EventCountry "ESP"]
[SourceTitle "CBM 190 Extra"]
[Source "ChessBase"]
[SourceDate "2019.07.15"]
[SourceVersion "1"]
[SourceVersionDate "2019.07.15"]
[SourceQuality "1"]

1. e4 c5 2. Nf3 d6 3. d4 cxd4 4. Nxd4 Nf6 5. Nc3 e6 6. g4 Be7 7. g5 Nfd7 8. h4 a6 9. Rg1 b5 10. h5 Bb7 11. g6 Bf6 12. gxf7+ Kxf7 13. Bh3 Re8 14. a3 Nc5 15. Qf3 Kg8 16. Be3 Nc6 17. Nxc6 Bxc6 18. 0-0-0 Qe7 19. Bd4 Rf8 20. Qg2 Bxd4 21. Rxd4 e5 22. Rd2 Rf6 23. b4 Ne6 24. Bxe6+ Rxe6 25. Nd1 Rf6 26. f3 Raf8 27. Rd3 R8f7 28. Qg5 h6 29. Qg3 Qf8 30. Qg4 Bd7 31. Qg2 Rxf3 32. Ne3 Rf2 33. Qg3 R7f3 34. Qg6 Rf6 35. Qg3 1/2-1/2

[Event "Barcelona La Lira op 12th"]
[Site "Barcelona"]
[Date "2019.05.09"]
[Round "5"]
[White "Romero Perera, Eugeni"]
[Black "Salvany Rius, Joaquim"]
[Result "1-0"]
[WhiteElo "1922"]
[BlackElo "1876"]
[PlyCount "65"]
[EventDate "2019.04.04"]
[EventType "swiss"]
[EventRounds "9"]
[EventCountry "ESP"]
[SourceTitle "CBM 190 Extra"]
[Source "ChessBase"]
[SourceDate "2019.07.15"]
[SourceVersion "1"]
[SourceVersionDate "2019.07.15"]
[SourceQuality "1"]

1. d4 Nf6 2. Nf3 g6 3. c4 Bg7 4. Nc3 0-0 5. e4 d6 6. h3 c5 7. d5 a6 8. a4 e5 9. Be2 Nh5 10. g3 h6 11. Nh2 Nf6 12. g4 Ne8 13. Be3 Kh7 14. Qd2 Qa5 15. 0-0 Nd7 16. Rac1 Qd8 17. Nf3 Rg8 18. Kh1 Nf8 19. Rg1 g5 20. Rg3 Ng6 21. Bxg5 f6 22. Be3 a5 23. Rcg1 b6 24. g5 hxg5 25. Bxg5 Nf4 26. Bxf4 exf4 27. Qxf4 Bh6 28. Qh4 Rxg3 29. Rxg3 Qe7 30. e5 Qf8 31. e6 Ra7 32. Qh5 Kh8 33. Nh4 1-0

[Event "Barcelona La Lira op 12th"]
[Site "Barcelona"]
[Date "2019.04.25"]
[Round "3"]
[White "Mut Company, Guillem Joan"]
[Black "Salvany Rius, Joaquim"]
[Result "0-1"]
[WhiteElo "2002"]
[BlackElo "1876"]
[PlyCount "74"]
[EventDate "2019.04.04"]
[EventType "swiss"]
[EventRounds "9"]
[EventCountry "ESP"]
[SourceTitle "CBM 190 Extra"]
[Source "ChessBase"]
[SourceDate "2019.07.15"]
[SourceVersion "1"]
[SourceVersionDate "2019.07.15"]
[SourceQuality "1"]

1. d4 Nf6 2. Bg5 Ne4 3. Bf4 c5 4. d5 Qb6 5. Bc1 e6 6. f3 Nf6 7. e4 d6 8. Na3 exd5 9. exd5 Be7 10. Nc4 Qd8 11. a4 0-0 12. Be2 Re8 13. f4 Bf8 14. Nf3 Qe7 15. Ne3 Qe4 16. 0-0 Qxf4 17. Nd4 Qe5 18. Nb5 Na6 19. Bf3 Rd8 20. Nc4 Qf5 21. b3 Qg6 22. Bf4 Bf5 23. Ncxd6 Bxc2 24. Qd2 Bxb3 25. Nxb7 Rxd5 26. Bxd5 Bxd5 27. N7d6 Rd8 28. Be5 Bc6 29. Qe2 Ng4 30. Rae1 Nxe5 31. Ne4 c4 32. Nxa7 Ba8 33. Ng3 Nd3 34. Rb1 Bc5+ 35. Kh1 Nf2+ 36. Kg1 Ne4+ 37. Kh1 Nxg3+ 0-1

[Event "Vilafranca del Penedes op 13th"]
[Site "Vilafranca del Penedes"]
[Date "2019.04.05"]
[Round "2"]
[White "Avila Jimenez, Xavier"]
[Black "Salvany Rius, Joaquim"]
[Result "1/2-1/2"]
[WhiteElo "2159"]
[BlackElo "1914"]
[PlyCount "147"]
[EventDate "2019.03.29"]
[EventType "swiss"]
[EventRounds "9"]
[EventCountry "ESP"]
[SourceTitle "CBM 190 Extra"]
[Source "ChessBase"]
[SourceDate "2019.07.15"]
[SourceVersion "1"]
[SourceVersionDate "2019.07.15"]
[SourceQuality "1"]

1. d4 Nf6 2. Bg5 Ne4 3. Bf4 c5 4. f3 Qa5+ 5. c3 Nf6 6. d5 e6 7. e4 d6 8. Na3 exd5 9. exd5 Be7 10. Bb5+ Bd7 11. Bxd7+ Nbxd7 12. Nc4 Qa6 13. Qe2 0-0 14. Nxd6 Qxe2+ 15. Nxe2 Nxd5 16. Nf5 Rfe8 17. 0-0-0 Nxf4 18. Nxe7+ Rxe7 19. Nxf4 Nb6 20. Rhe1 Rxe1 21. Rxe1 Kf8 22. Re5 Rc8 23. Rh5 h6 24. Nd3 Nd7 25. Kc2 b6 26. a4 Ke7 27. f4 Rc6 28. f5 Kf6 29. Nf2 Ke5 30. Nd3+ Ke4 31. Nf2+ Kf4 32. g3+ Kf3 33. Nd3 c4 34. Nb4 Rc5 35. Rh4 a5 36. Na6 Rxf5 37. Rxc4 Kg2 38. Rh4 Nf6 39. b4 h5 40. Nc7 Ng4 41. h3 Ne3+ 42. Kd3 Kxg3 43. Re4 Nd5 44. Nxd5 Rxd5+ 45. Kc4 Rd6 46. bxa5 bxa5 47. Re5 h4 48. Re3+ Kf4 49. Re7 Rf6 50. Kb5 Rf5+ 51. Kb6 g5 52. c4 g4 53. hxg4 Kxg4 54. c5 h3 55. c6 h2 56. c7 h1Q 57. c8Q Qb1+ 58. Ka7 Qg1+ 59. Ka8 Qg2+ 60. Rb7 Qd5 61. Qg8+ Rg5 62. Qe8 Re5 63. Qf8 Rg5 64. Qe8 f5 65. Qe2+ Kh3 66. Qe3+ Rg3 67. Qh6+ Kg2 68. Ka7 Qd4+ 69. Ka6 Rg8 70. Qc6+ Qe4 71. Rb2+ Kg3 72. Rb3+ Kg4 73. Qxe4+ fxe4 74. Kxa5 1/2-1/2

[Event "Barcelona Sant Marti op-A 20th"]
[Site "Barcelona"]
[Date "2018.07.20"]
[Round "8"]
[White "Salvany Rius, Joaquim"]
[Black "Oualili, Abdelali"]
[Result "1-0"]
[WhiteElo "1952"]
[BlackElo "1887"]
[PlyCount "87"]
[EventDate "2018.07.13"]
[EventType "swiss"]
[EventRounds "9"]
[EventCountry "ESP"]
[SourceTitle "CBM 185 Extra"]
[Source "ChessBase"]
[SourceDate "2018.07.29"]
[SourceVersion "1"]
[SourceVersionDate "2018.07.29"]
[SourceQuality "1"]

1. e4 c5 2. Nf3 d6 3. d4 cxd4 4. Nxd4 Nf6 5. Nc3 e6 6. Be3 a6 7. Qd2 Qc7 8. f3 Be7 9. 0-0-0 b5 10. g4 Bb7 11. g5 Nfd7 12. a3 Nb6 13. Ndxb5 axb5 14. Nxb5 Qc6 15. Qd4 N8d7 16. Qxg7 Rf8 17. Nd4 Qc5 18. Nf5 Qe5 19. Qxe5 dxe5 20. Ng7+ Kd8 21. Bxb6+ Kc8 22. Be3 Rg8 23. Bb5 Nb8 24. Nh5 Nc6 25. Nf6 Rh8 26. Nd7 Ra5 27. Nb6+ Kb8 28. a4 Nd4 29. Rxd4 exd4 30. Bxd4 Bxg5+ 31. Kb1 Rd8 32. Be5+ Ka7 33. Nc4 Ra6 34. Bxa6 Bxa6 35. Nd6 f6 36. Nf7 Rf8 37. Nxg5 fxg5 38. h4 Rxf3 39. hxg5 Rf1+ 40. Rxf1 Bxf1 41. Bd6 Kb7 42. b3 Kc6 43. e5 Bg2 44. c4 1-0

[Event "Barcelona Sant Marti op-A 20th"]
[Site "Barcelona"]
[Date "2018.07.18"]
[Round "6"]
[White "Salvany Rius, Joaquim"]
[Black "Kavisha, S Shah"]
[Result "1-0"]
[WhiteElo "1952"]
[BlackElo "1723"]
[PlyCount "83"]
[EventDate "2018.07.13"]
[EventType "swiss"]
[EventRounds "9"]
[EventCountry "ESP"]
[SourceTitle "CBM 185 Extra"]
[Source "ChessBase"]
[SourceDate "2018.07.29"]
[SourceVersion "1"]
[SourceVersionDate "2018.07.29"]
[SourceQuality "1"]

1. e4 c6 2. d4 d5 3. e5 Bf5 4. Nf3 e6 5. Be2 Nd7 6. 0-0 Ne7 7. Nbd2 Nc8 8. a4 a6 9. c4 dxc4 10. Nxc4 Ndb6 11. Ne3 Bg6 12. h4 h6 13. Bd3 Bxd3 14. Qxd3 Ne7 15. h5 Nbd5 16. Qe4 g5 17. g4 Nc8 18. Bd2 Be7 19. Nxd5 Qxd5 20. Qxd5 exd5 21. Ne1 f6 22. Nd3 Nb6 23. b3 0-0-0 24. Ba5 Nd7 25. Bxd8 Kxd8 26. Rac1 Nf8 27. Rce1 Kd7 28. exf6 Bxf6 29. Ne5+ Bxe5 30. Rxe5 Ne6 31. Rd1 Rf8 32. Rd3 Rf4 33. f3 Nxd4 34. Kf2 Ne6 35. Rde3 Nc5 36. Re7+ Kd6 37. Rh7 Rf6 38. b4 Nd7 39. Ree7 Ne5 40. Rxb7 Nxf3 41. Rhd7+ Ke6 42. Re7+ 1-0

[Event "Barcelona Sant Marti op-A 20th"]
[Site "Barcelona"]
[Date "2018.07.15"]
[Round "3"]
[White "Salvany Rius, Joaquim"]
[Black "Lorenzo Martinez, Ruben"]
[Result "1-0"]
[WhiteElo "1952"]
[BlackElo "1846"]
[PlyCount "51"]
[EventDate "2018.07.13"]
[EventType "swiss"]
[EventRounds "9"]
[EventCountry "ESP"]
[SourceTitle "CBM 185 Extra"]
[Source "ChessBase"]
[SourceDate "2018.07.29"]
[SourceVersion "1"]
[SourceVersionDate "2018.07.29"]
[SourceQuality "1"]

1. e4 c5 2. Nf3 d6 3. d4 cxd4 4. Nxd4 Nf6 5. Nc3 e6 6. Be3 a6 7. f3 Be7 8. Qd2 b5 9. 0-0-0 Bb7 10. g4 0-0 11. g5 Nfd7 12. Bd3 Ne5 13. f4 Ned7 14. f5 exf5 15. Nxf5 Nc5 16. Rhe1 Nbd7 17. Bf4 Ne6 18. Nxe7+ Qxe7 19. Nd5 Qd8 20. Bxd6 Nxg5 21. Ne7+ Kh8 22. Qxg5 f6 23. Qg3 Ne5 24. Nf5 Rf7 25. Bxe5 fxe5 26. Qxe5 1-0

[Event "Barcelona Sant Marti op-A 20th"]
[Site "Barcelona"]
[Date "2018.07.13"]
[Round "1"]
[White "Salvany Rius, Joaquim"]
[Black "Cruz Estrada, Filemon"]
[Result "0-1"]
[WhiteElo "1952"]
[BlackElo "2314"]
[PlyCount "46"]
[EventDate "2018.07.13"]
[EventType "swiss"]
[EventRounds "9"]
[EventCountry "ESP"]
[SourceTitle "CBM 185 Extra"]
[Source "ChessBase"]
[SourceDate "2018.07.29"]
[SourceVersion "1"]
[SourceVersionDate "2018.07.29"]
[SourceQuality "1"]

1. e4 c5 2. Nf3 e6 3. d4 cxd4 4. Nxd4 a6 5. Nc3 Qc7 6. a3 Nf6 7. f4 d6 8. Be2 Be7 9. 0-0 0-0 10. Kh1 b5 11. Bf3 Bb7 12. Qe1 Nbd7 13. f5 e5 14. Nb3 Rfe8 15. g4 d5 16. exd5 e4 17. Nxe4 Nxd5 18. Na5 Ne5 19. Nxb7 Nxf3 20. Rxf3 Qxb7 21. Qf2 Bh4 22. Ng3 Nf6 23. h3 Ne4 0-1

[Event "Barcelona Primavera La Lira op 11th"]
[Site "Barcelona"]
[Date "2018.06.07"]
[Round "9"]
[White "Salvany Rius, Joaquim"]
[Black "Poyato Duran, David"]
[Result "0-1"]
[WhiteElo "1894"]
[BlackElo "1742"]
[PlyCount "38"]
[EventDate "2018.04.12"]
[EventType "swiss"]
[EventRounds "9"]
[EventCountry "ESP"]
[SourceTitle "CBM 184 Extra"]
[Source "ChessBase"]
[SourceDate "2018.06.28"]
[SourceVersion "1"]
[SourceVersionDate "2018.06.28"]
[SourceQuality "1"]

1. e4 c5 2. Nf3 d6 3. d4 cxd4 4. Nxd4 Nf6 5. Nc3 a6 6. Bg5 Qb6 7. a3 Nbd7 8. Qd2 h6 9. Bh4 g5 10. Bg3 Nc5 11. f3 Qxb2 12. Ra2 Qb6 13. h4 Bg7 14. hxg5 Nfxe4 15. fxe4 Nxe4 16. Bb5+ axb5 17. Nxe4 Qxd4 18. Qxd4 Bxd4 19. gxh6 Be3 0-1

[Event "Barcelona Primavera La Lira op 11th"]
[Site "Barcelona"]
[Date "2018.05.24"]
[Round "7"]
[White "Salvany Rius, Joaquim"]
[Black "Corominas Garrido, Jordi"]
[Result "1/2-1/2"]
[WhiteElo "1894"]
[BlackElo "1820"]
[PlyCount "38"]
[EventDate "2018.04.12"]
[EventType "swiss"]
[EventRounds "9"]
[EventCountry "ESP"]
[SourceTitle "CBM 184 Extra"]
[Source "ChessBase"]
[SourceDate "2018.06.28"]
[SourceVersion "1"]
[SourceVersionDate "2018.06.28"]
[SourceQuality "1"]

1. e4 e6 2. d4 d5 3. Nc3 Nf6 4. e5 Nfd7 5. f4 c5 6. Nf3 Nc6 7. Be3 cxd4 8. Nxd4 a6 9. Qd2 Qa5 10. Nb3 Qc7 11. 0-0-0 b5 12. Qf2 b4 13. Na4 Be7 14. Bd3 a5 15. Kb1 Ba6 16. Rc1 0-0 17. g4 Rfc8 18. h4 Bxd3 19. cxd3 Qb7 1/2-1/2

[Event "Vilafranca del Penedes op 12th"]
[Site "Vilafranca del Penedes"]
[Date "2018.05.18"]
[Round "7"]
[White "Salvany Rius, Joaquim"]
[Black "Vila Seuba, Joan Carles"]
[Result "0-1"]
[WhiteElo "1894"]
[BlackElo "1982"]
[PlyCount "70"]
[EventDate "2018.04.06"]
[EventType "swiss"]
[EventRounds "8"]
[EventCountry "ESP"]
[SourceTitle "CBM 184 Extra"]
[Source "ChessBase"]
[SourceDate "2018.06.28"]
[SourceVersion "1"]
[SourceVersionDate "2018.06.28"]
[SourceQuality "1"]

1. e4 g6 2. d4 Bg7 3. Nc3 c6 4. f4 d5 5. Nf3 Bg4 6. e5 Nh6 7. Be3 f6 8. Be2 0-0 9. Qd2 Nf5 10. Bf2 Bh6 11. h3 Bxf3 12. Bxf3 fxe5 13. dxe5 e6 14. h4 Nd7 15. g4 Nxe5 16. Be2 Nd6 17. g5 Nec4 18. Bxc4 Nxc4 19. Qe2 Bg7 20. Qxe6+ Kh8 21. Ne2 Qa5+ 22. Kf1 Rae8 23. Qg4 Qd2 24. Rh3 Qxc2 25. Re1 Nxb2 26. h5 Qf5 27. Qf3 Nc4 28. Qh1 Nd2+ 29. Kg1 Kg8 30. hxg6 hxg6 31. Rh7 Nf3+ 32. Kf1 Nxe1 33. Rxg7+ Kxg7 34. Qh6+ Kg8 35. Bd4 Re7 0-1

[Event "Vilafranca del Penedes op 12th"]
[Site "Vilafranca del Penedes"]
[Date "2018.04.06"]
[Round "1"]
[White "Vila Cairo, Gerard"]
[Black "Salvany Rius, Joaquim"]
[Result "1/2-1/2"]
[WhiteElo "2057"]
[BlackElo "1894"]
[PlyCount "37"]
[EventDate "2018.04.06"]
[EventType "swiss"]
[EventRounds "8"]
[EventCountry "ESP"]
[SourceTitle "CBM 184 Extra"]
[Source "ChessBase"]
[SourceDate "2018.06.28"]
[SourceVersion "1"]
[SourceVersionDate "2018.06.28"]
[SourceQuality "1"]

1. e4 c5 2. a3 g6 3. d4 Bg7 4. Nf3 cxd4 5. Nxd4 Nf6 6. Nc3 Nc6 7. Be3 0-0 8. Be2 d5 9. exd5 Nxd5 10. Nxd5 Qxd5 11. Bf3 Qc4 12. Nxc6 bxc6 13. c3 a5 14. Be2 Qe4 15. 0-0 Bf5 16. Bf3 Qc4 17. Be2 Qd5 18. Qc1 Rab8 19. f3 1/2-1/2

[Event "Barcelona Primavera La Lira op 10th"]
[Site "Barcelona"]
[Date "2017.06.15"]
[Round "9"]
[White "Salvany Rius, Joaquim"]
[Black "Ramos Alvarez, Maximo"]
[Result "1-0"]
[WhiteElo "1807"]
[BlackElo "1864"]
[PlyCount "65"]
[EventDate "2017.04.20"]
[EventType "swiss"]
[EventRounds "9"]
[EventCountry "ESP"]
[SourceTitle "EXT 2018"]
[Source "ChessBase"]
[SourceDate "2017.10.13"]
[SourceVersion "1"]
[SourceVersionDate "2017.10.13"]
[SourceQuality "1"]

1. e4 c5 2. Nf3 e6 3. d4 cxd4 4. Nxd4 Nf6 5. Nc3 Nc6 6. Nxc6 bxc6 7. e5 Nd5 8. Ne4 Qc7 9. f4 Qb6 10. c4 Bb4+ 11. Ke2 Ba6 12. Kf3 f5 13. exf6 Nxf6 14. Be3 Qb7 15. Nxf6+ gxf6 16. Kf2 0-0-0 17. a3 Be7 18. Qc2 d5 19. cxd5 exd5 20. Bxa6 Qxa6 21. Rhd1 Bd6 22. Rxd5 Bc7 23. Rc5 Kb7 24. Rc1 Rd6 25. Rc4 Bb6 26. Bxb6 Qxb6+ 27. Kf3 a5 28. b4 Rhd8 29. bxa5 Rd3+ 30. Kg4 Qxa5 31. Rb1+ Ka7 32. Ra4 h5+ 33. Kh4 1-0

[Event "Barcelona Primavera La Lira op 10th"]
[Site "Barcelona"]
[Date "2017.06.01"]
[Round "7"]
[White "Vallbona Domingo, Joan"]
[Black "Salvany Rius, Joaquim"]
[Result "1/2-1/2"]
[WhiteElo "1866"]
[BlackElo "1807"]
[PlyCount "66"]
[EventDate "2017.04.20"]
[EventType "swiss"]
[EventRounds "9"]
[EventCountry "ESP"]
[SourceTitle "EXT 2018"]
[Source "ChessBase"]
[SourceDate "2017.10.13"]
[SourceVersion "1"]
[SourceVersionDate "2017.10.13"]
[SourceQuality "1"]

1. d4 c5 2. d5 Nf6 3. Nc3 e5 4. e4 d6 5. Be2 Be7 6. a4 0-0 7. Nf3 Ne8 8. 0-0 g6 9. Nd2 f5 10. Nc4 f4 11. Bg4 Bxg4 12. Qxg4 Ng7 13. f3 g5 14. Qh3 Rf6 15. g3 Qd7 16. Qxd7 Nxd7 17. a5 Kf7 18. Bd2 h5 19. Kg2 Rh6 20. Rh1 Rg8 21. a6 b6 22. Nb5 Ra8 23. Rag1 Ne8 24. g4 Bd8 25. h3 Ke7 26. Ra1 Nc7 27. Nxc7 Bxc7 28. Na3 Nf6 29. Nb5 Ne8 30. Rhb1 Bd8 31. b4 Nc7 32. bxc5 Nxb5 33. Rxb5 dxc5 1/2-1/2

[Event "Barcelona Primavera La Lira op 10th"]
[Site "Barcelona"]
[Date "2017.05.18"]
[Round "5"]
[White "Rojas Fernandez, Andres"]
[Black "Salvany Rius, Joaquim"]
[Result "1-0"]
[WhiteElo "1991"]
[BlackElo "1807"]
[PlyCount "81"]
[EventDate "2017.04.20"]
[EventType "swiss"]
[EventRounds "9"]
[EventCountry "ESP"]
[SourceTitle "EXT 2018"]
[Source "ChessBase"]
[SourceDate "2017.10.13"]
[SourceVersion "1"]
[SourceVersionDate "2017.10.13"]
[SourceQuality "1"]

1. Nf3 Nf6 2. g3 g6 3. Bg2 Bg7 4. c4 0-0 5. d4 d6 6. Nc3 Nc6 7. 0-0 Bg4 8. h3 Bxf3 9. Bxf3 Nd7 10. e3 e5 11. d5 Ne7 12. e4 f5 13. Bg5 h6 14. Bxe7 Qxe7 15. b4 a5 16. a3 axb4 17. axb4 Rxa1 18. Qxa1 Nb6 19. Be2 Ra8 20. Qb2 f4 21. Qb3 Kh7 22. Nb5 h5 23. c5 dxc5 24. bxc5 Qxc5 25. Rb1 fxg3 26. Qxg3 Ra2 27. Qf3 Na4 28. Kf1 c6 29. Nc7 Qc2 30. Bd3 Qd2 31. Ne6 Rb2 32. Rd1 Qh6 33. Qf7 g5 34. d6 Nb6 35. d7 Nxd7 36. Qxd7 Qf6 37. Be2 g4 38. Nxg7 Qxg7 39. Qf5+ Qg6 40. Rd7+ Kh6 41. Qf8+ 1-0